| 000 | 00441nam a22001817a 4500 | ||
|---|---|---|---|
| 005 | 20251108173701.0 | ||
| 008 | 250721s2005 xx 000 0 eng d | ||
| 020 | _a8173194262 | ||
| 082 | 1 | 4 | _a571.4/pat |
| 100 | 1 | _aPattabhi, Vasantha | |
| 245 | 1 | 0 | _aBiophysics / |
| 264 | 1 |
_aNew Delhi : _bNarosa Publising House, _c2005. |
|
| 300 | _a245p. | ||
| 650 | 1 | 7 | _aBIOPHYSICS |
| 700 | 1 | _aGautham, N. | |
| 942 |
_2ddc _cBK |
||
| 999 |
_c109881 _d109881 |
||